000 00476nam a2200181Ia 4500
005 20250326130304.0
008 250326s9999 xx 000 0 und d
037 _aTextbook
040 _aFMSL
_beng
_cFMSL
041 _aeng
_2eng
084 _aX:8 K6
_qFMSL
100 _aBennis W G
_9736321
245 0 _aChanging organizations
_cBennis W G
260 _aNY
_bNY, Tata McGraw-Hill
_c1966
300 _a223p
942 _cTB
_hX:8 K6
999 _c1281827
_d1281827